000 02059cam a22005654i 4500
003 PE-LiUPU
005 20250731170442.0
008 150625s r 000 0 d
020 _a1588021556
035 _a(Sirsi) i9781588021557
040 _aPE-LiUPU
_bspa
_cPE-LiUPU
_erda
049 _aPRUA
082 0 4 _a174
_bS77
_221
100 1 _aPutnam, Mark S.,
_eautor.
245 1 3 _aLa ética en el lugar de trabajo :
_buna perspectiva cristiana /
_cMark S. Putnam.
264 1 _aWasington :
_bPatmos,
_c2002.
300 _a144 páginas ;
_c21 centímetros
336 _atext
_2rdacontent
337 _aunmediated
_2rdamedia
338 _avolume
_2rdacarrier
505 0 _aEl establecimiento de una base sólida de carácter. -Integridad local. -La ética de trabajo de Dios en el mundo moderno. -Seguir las reglas. -Ética de situación y racionalización. -Verdad y mentiras. -Cómo lidiar con dilemas de situación. -Dilemas críticos. -Modelo para tomar decisiones éticas. -Cómo superar situaciones difíciles. -El recuerdo de las recompensas. .
526 _aSEG68
526 _aSEG70
526 _aSEG69
526 _aSEG67
526 _aSEG43
526 _aP144
526 _aP143
526 _aP131
526 _aP122
526 _aP120
526 _aP117
526 _aP112
526 _aP110
526 _aP106
526 _aP101
526 _aP80
526 _aP59
526 _aP54
526 _aP35
526 _aP33
526 _aP30
541 _g002-000523;
650 0 4 _aEtica profesional
_xCristianismo.
942 _2ddc
_cBOOK
949 _a174 S77
_wDEWEY
_c1
_i57700
_lCCODEBUL1
_mBUL
_p13.00
_r0
_sY
_tBOOK
_u2015-6-25
_xTEOLOGIA
_zUNKNOWN
_0COMPRA
_o.STAFF. Colección General
994 _aC0
_bPEPRU
596 _a1
999 _a174 S77
_wDEWEY
_c46704
_i57700
_f2021-11-4
_g5
_lCCODEBUL1
_mBUL
_p13.00
_r0
_sY
_tBOOK
_u2015-6-25
_xBIBLIOTECA
_zUNKNOWN
_0COMPRA
_o.STAFF. Colección General
_d46704
980 _81
_gALBERTO SANCHEZ Responsable de Automatización